| 000 | 00578nam a22002177a 4500 | ||
|---|---|---|---|
| 003 | OSt | ||
| 005 | 20230330080536.0 | ||
| 008 | 130215t xxu||||| |||| 00| 0 eng d | ||
| 020 | _a9710866796 | ||
| 050 |
_aBD 431 _b.M539 2008 |
||
| 082 |
_aPsy-Fil 128 _b.M52 2008 |
||
| 245 |
_aPhilosophy of man : _btowards perfection / _cMendoza, Anna Clarissa D. |
||
| 260 |
_aMandaluyong City _bNational Book Store _cc2008 |
||
| 300 |
_axvi, 196 p. _c21 cm. |
||
| 526 | _c1210L-1700L | ||
| 562 | _e3 | ||
| 942 |
_2lcc _cBK |
||
| 999 |
_c18394 _d18394 |
||